000 00610nac a22001691u 4500
020 _a8176294292
082 _a332.45
_bB5759
090 _c1196
_d1196
100 _aBhowmick, D
245 _aEssays on international money /
_cD Bhowmick.
260 _aNew Delhi :
_bDeep & Deep Publications,
_c2003.
300 _a349 p. ;
_c25 cm.
500 _aIncludes index.
650 _aInternational finance
_xAddresses, essays, lectures.
942 _cBB
_k332.45B5759
999 _c1196
_d1196